Folk-lore of modern Greece : the tales of the people /

Bibliographic Details
Main Author: Geldart, E. M. (Edmund Martin), 1844-1885
Format: Book
Language:English
Greek, Modern (1453-)
Published: London : W. Swan Sonnenschein & Co., 1884.
Subjects:

MARC

Tag First Indicator Second Indicator Subfields
LEADER 00000cam a2200000 a 4500
001 in00000090292
005 20151008065659.0
008 771003s1884 enk 00010 eng d
035 |a (OCoLC)03312952 
035 |9 AAK6382AM 
040 |a EZC  |c EZC  |d TXA  |d UtOrBLW 
041 1 |a eng  |a gre 
043 |a e-gr--- 
049 |a TXAM  |c [1655849] 
090 |a GR170  |b .G44 
100 1 |a Geldart, E. M.  |q (Edmund Martin),  |d 1844-1885. 
245 1 0 |a Folk-lore of modern Greece :  |b the tales of the people /  |c  edited by E.M. Geldart. 
264 1 |a London :  |b W. Swan Sonnenschein & Co.,  |c 1884. 
300 |a 190 pages ;  |c 20 cm. 
336 |a text  |b txt  |2 rdacontent 
337 |a unmediated  |b n  |2 rdamedia 
338 |a volume  |b nc  |2 rdacarrier 
500 |a With the exception of the first three, tales are translated from the Greek text edited by J. Pio at Copenhagen under the title: Contes populaires grecs publies d'apres les manuscrits du Dr. J.G. de Hahn, 1879. 
650 0 |a Folklore  |z Greece. 
999 |a MARS 
999 f f |s 58655783-7422-3ed9-a117-0338cec01356  |i 84ba608f-76d2-3d9d-85e8-f9b87cb0f657  |t 0 
952 f f |p ric  |a Texas A&M University  |b Rellis Campus  |c Joint Library Facility  |d Remote Storage  |t 0  |e GR170 .G44  |h Library of Congress classification  |i unmediated -- volume  |m A14805992445 
998 f f |a GR170 .G44  |t 0  |l Remote Storage